| 000 | 00751nac a22002171u 4500 | ||
|---|---|---|---|
| 008 | 090121t1991 ny |||||r|||| 001 0 eng d | ||
| 010 | _a91189634 | ||
| 020 | _a0465069347 : | ||
| 020 | _a9780465069347 | ||
| 082 | 0 | 0 |
_a321.07 _bPLA _222 |
| 100 |
_933498 _aPlato |
||
| 245 | 1 | 4 |
_aThe Republic of Plato / _ctranslated with notes and an interpretive essay by Allan Bloom. |
| 250 | _a2nd ed. | ||
| 260 |
_a[New York] : _bBasic Books, _cc1991. |
||
| 300 |
_axxiv, 487 p. ; _c24 cm. |
||
| 504 | _aIncludes bibliographical references (p. 439-472) and index. | ||
| 650 | 0 |
_aPolitical science _vEarly works to 1800. _91263 |
|
| 650 | 0 |
_aUtopias _vEarly works to 1800. _933499 |
|
| 700 | 1 |
_aBloom, Allan David, _d1930-1992. _933500 |
|
| 942 |
_cNB _k321.07PLA _2ddc |
||
| 999 |
_c1535 _d1535 |
||